| 000 | 01353nam0a2200313 4500 | ||
|---|---|---|---|
| 001 | RU\NLR\ONL2\12247 | ||
| 005 | 20260426074426.0 | ||
| 035 | _a(NLR Aleph) 009659834 | ||
| 090 |
_a13695975 _c13695975 |
||
| 100 | _a20081101d1958 u y0rusy50 ca | ||
| 101 | 0 | _aaze | |
| 102 | _aAM | ||
| 105 | _aa ||||||||| | ||
| 200 | 1 |
_aЕрмәнистан ССР физики ҹоғрафиjасы _ejеддииллик вэ орта мэктэблэрин VII cинифлэри учун дэрс китабы _fА. Багдасарjан, А. Чугурjан, К. Оhанjан |
|
| 210 |
_aJереван _chаjпетус мангhрат _d1958 |
||
| 215 |
_a92 с. _cил. _d22 |
||
| 541 | 1 |
_aФизическая география Армянской ССР _eучебник для VII класса семилетних и сред. школ _zrus |
|
| 607 |
_9Учебные издания для средней школы _aАрмянская ССР _xГеография _2nlr-sh2 _2nlr-sh1 _2nlr-sh1 _3RU\NLR\auth\6669074 |
||
| 686 | 1 | _aД82 я72 | |
| 700 | 1 |
_aБагдасарян _bА. _4070 |
|
| 701 | 1 |
_aЧугурян _bА. _4070 |
|
| 701 | 1 |
_aОганян _bК. _4070 |
|
| 801 | 0 |
_aRU _bNLR _c20081219 _gPSBO |
|
| 852 |
_aNLR _bОНЛ _jАзерб./3-5744 |
||
| 942 | _cBOOK | ||
| 980 | _aONL_RF | ||
| 980 | _aNB | ||